Xây dựng giải pháp nhận dạng web chứa mã độc với hướng tiếp cận tập hợp mô hình máy học : Luận văn Thạc sĩ. Ngành Hệ thống Thông tin
Xây dựng giải pháp nhận dạng web chứa mã độc qua hướng tiếp cận mô hình hóa bằng các thuật toán
Sparad:
| Huvudupphovsman: | |
|---|---|
| Materialtyp: | Bok |
| Språk: | Undetermined |
| Publicerad: |
Cần Thơ
Trường Đại học Cần Thơ
2016
|
| Ämnen: | |
| Taggar: |
Lägg till en tagg
Inga taggar, Lägg till första taggen!
|
| Thư viện lưu trữ: | Trung tâm Học liệu Trường Đại học Cần Thơ |
|---|
| LEADER | 01058nam a2200229Ia 4500 | ||
|---|---|---|---|
| 001 | CTU_216685 | ||
| 008 | 210402s9999 xx 000 0 und d | ||
| 082 | |a 005.758 | ||
| 082 | |b Qu105 | ||
| 088 | |a 60480104 | ||
| 100 | |a Lê, Văn Quan | ||
| 245 | 0 | |a Xây dựng giải pháp nhận dạng web chứa mã độc với hướng tiếp cận tập hợp mô hình máy học : | |
| 245 | 0 | |b Luận văn Thạc sĩ. Ngành Hệ thống Thông tin | |
| 245 | 0 | |c Lê Văn Quan ; Nguyễn Hữu Hòa, Hiroyuki Inaba (Người hướng dẫn) | |
| 260 | |a Cần Thơ | ||
| 260 | |b Trường Đại học Cần Thơ | ||
| 260 | |c 2016 | ||
| 520 | |a Xây dựng giải pháp nhận dạng web chứa mã độc qua hướng tiếp cận mô hình hóa bằng các thuật toán | ||
| 650 | |a Phần mềm máy tính,Computer software | ||
| 650 | |x Phát triển,Development | ||
| 904 | |i Nguyên | ||
| 980 | |a Trung tâm Học liệu Trường Đại học Cần Thơ | ||